[Event "BL 1213 (Women)"]
[Site "Germany"]
[Date "2013.01.20"]
[Round "7.3"]
[White "Moser, Eva"]
[Black "Goihl, Mona"]
[Result "1-0"]
[WhiteElo "2443"]
[BlackElo "2095"]
[PlyCount "65"]
[EventDate "2012.10.06"]
[EventType "team-tourn"]
[EventRounds "11"]
[EventCountry "GER"]
[SourceTitle "EXT 2014"]
[Source "ChessBase"]
[SourceDate "2013.11.20"]
[SourceVersion "1"]
[SourceVersionDate "2013.11.20"]
[SourceQuality "1"]
[WhiteTeam "Baden-Baden (W)"]
[BlackTeam "Wattenscheid (W)"]
[WhiteTeamCountry "GER"]
[BlackTeamCountry "GER"]

1. e4 c5 2. Nf3 Nc6 3. c3 g6 4. d4 cxd4 5. cxd4 d5 6. exd5 Qxd5 7. Nc3 Qd8 8.
d5 Nb8 9. Bf4 Bd7 10. Qb3 Qb6 11. Qxb6 axb6 12. Be3 Na6 13. Ne5 Bg7 14. Nxd7
Kxd7 15. Bb5+ Kd6 16. Ne4+ Kc7 17. Rc1+ Kb8 18. d6 exd6 19. Nxd6 Nh6 20. Nc4
Nf5 21. Nxb6 Nxe3 22. fxe3 Ra7 23. Nd7+ Ka8 24. b3 Nb4 25. Nb6+ Kb8 26. a4 Na2
27. Nd7+ Ka8 28. Nb6+ Kb8 29. Nd7+ Ka8 30. Rc7 Bc3+ 31. Kf2 Ba5 32. Rc4 Nc3 33.
Rc1 1-0

[Event "BL 1213 (Women)"]
[Site "Germany"]
[Date "2013.01.19"]
[Round "6.4"]
[White "Moser, Eva"]
[Black "Zozulia, Anna"]
[Result "1-0"]
[WhiteElo "2443"]
[BlackElo "2345"]
[PlyCount "121"]
[EventDate "2012.10.06"]
[EventType "team-tourn"]
[EventRounds "11"]
[EventCountry "GER"]
[SourceTitle "EXT 2014"]
[Source "ChessBase"]
[SourceDate "2013.11.20"]
[SourceVersion "1"]
[SourceVersionDate "2013.11.20"]
[SourceQuality "1"]
[WhiteTeam "Baden-Baden (W)"]
[BlackTeam "Muelheim Nord (W)"]
[WhiteTeamCountry "GER"]
[BlackTeamCountry "GER"]

1. e4 c5 2. d3 e6 3. g3 d5 4. Nd2 Nc6 5. Bg2 g6 6. f4 Bg7 7. Nh3 Nge7 8. O-O
O-O 9. Nf3 dxe4 10. dxe4 Qxd1 11. Rxd1 b6 12. e5 Ba6 13. c3 Rad8 14. Re1 Rd7
15. Nf2 Rfd8 16. Ng5 Na5 17. Nge4 Bb7 18. Bf1 Nf5 19. Bb5 Bc6 20. Be2 Ba8 21.
Bf3 Bb7 22. Ng4 Kf8 23. Kg2 Rd3 24. Ngf2 R3d7 25. Kh3 Ba8 26. g4 Ne7 27. Kg3 h6
28. Nf6 Rc7 29. Bxa8 Rxa8 30. Rd1 Bxf6 31. exf6 Nd5 32. f5 Nxf6 33. Bxh6+ Kg8
34. Bg5 Nd5 35. f6 Nc4 36. b3 Na5 37. c4 Nb4 38. Rd2 Nbc6 39. Be3 Rcc8 40. Rad1
Rd8 41. Ne4 Nb7 42. h4 Rxd2 43. Rxd2 Rd8 44. Rxd8+ Ncxd8 45. Bd2 Nc6 46. Bc3 e5
47. Kf3 Nbd8 48. Nd2 Ne6 49. Ke4 Nf4 50. Bxe5 Nd3 51. Bc3 Nc1 52. Kd5 Nxa2 53.
Kxc6 Nxc3 54. Kb7 b5 55. Kxa7 bxc4 56. bxc4 g5 57. h5 Nd1 58. Kb6 Ne3 59. Kxc5
Nxg4 60. Ne4 Kh7 61. Kd4 1-0

[Event "BL 1213 (Women)"]
[Site "Germany"]
[Date "2012.12.16"]
[Round "5.4"]
[White "Lauterbach, Ingrid"]
[Black "Moser, Eva"]
[Result "0-1"]
[WhiteElo "2143"]
[BlackElo "2443"]
[PlyCount "74"]
[EventDate "2012.10.06"]
[EventType "team-tourn"]
[EventRounds "11"]
[EventCountry "GER"]
[SourceTitle "EXT 2014"]
[Source "ChessBase"]
[SourceDate "2013.11.20"]
[SourceVersion "1"]
[SourceVersionDate "2013.11.20"]
[SourceQuality "1"]
[WhiteTeam "Karlsruhe (W)"]
[BlackTeam "Baden-Baden (W)"]
[WhiteTeamCountry "GER"]
[BlackTeamCountry "GER"]

1. Nf3 c5 2. e4 Nc6 3. Bb5 g6 4. O-O Bg7 5. c3 Nf6 6. Re1 a6 7. Bf1 O-O 8. d4
cxd4 9. Nxd4 d6 10. h3 Bd7 11. Nf3 b5 12. Nbd2 Qc7 13. Nb3 Qb7 14. e5 dxe5 15.
Nxe5 Nxe5 16. Rxe5 Bf5 17. Nd4 Be4 18. Qe1 e6 19. Bg5 Bd5 20. Re2 Ne4 21. Be3
Rac8 22. Rc2 Rfe8 23. Rcc1 Nd6 24. a4 Bc4 25. axb5 axb5 26. b3 Bxf1 27. Qxf1 e5
28. Nf3 Nf5 29. Qe2 b4 30. Ra7 Qb8 31. c4 Nxe3 32. Qxe3 Bh6 33. Qxh6 Qxa7 34.
Ng5 f5 35. c5 Qg7 36. Qh4 e4 37. f4 h6 0-1

[Event "BL 1213 (Women)"]
[Site "Germany"]
[Date "2012.12.02"]
[Round "4.4"]
[White "Moser, Eva"]
[Black "Rudolf, Anna"]
[Result "1-0"]
[WhiteElo "2443"]
[BlackElo "2294"]
[PlyCount "119"]
[EventDate "2012.10.06"]
[EventType "team-tourn"]
[EventRounds "11"]
[EventCountry "GER"]
[SourceTitle "EXT 2014"]
[Source "ChessBase"]
[SourceDate "2013.11.20"]
[SourceVersion "1"]
[SourceVersionDate "2013.11.20"]
[SourceQuality "1"]
[WhiteTeam "Baden-Baden (W)"]
[BlackTeam "Rodewisch (W)"]
[WhiteTeamCountry "GER"]
[BlackTeamCountry "GER"]

1. e4 e5 2. Nf3 Nc6 3. d4 exd4 4. Nxd4 Bc5 5. Nxc6 Qf6 6. Qf3 bxc6 7. Nd2 Qxf3
8. gxf3 Rb8 9. Nb3 Be7 10. Bd2 Nf6 11. O-O-O d6 12. Na5 Bd7 13. Ba6 Rb6 14. Be2
O-O 15. Be3 c5 16. Nc4 Bb5 17. a4 Ba6 18. Rhe1 Rbb8 19. Na5 Rb6 20. b3 Bxe2 21.
Rxe2 Nd7 22. f4 f6 23. Bd2 Re8 24. Bc3 Nf8 25. f5 Nd7 26. Nc4 Rbb8 27. Ne3 Ne5
28. Nd5 Rb7 29. Rg1 Kf7 30. Re3 Bf8 31. Rh3 c6 32. Nxf6 Kxf6 33. f4 g6 34.
fxe5+ dxe5 35. fxg6 hxg6 36. Rf3+ Kg7 37. Rg5 Rbe7 38. h4 Kh7 39. Kb2 Bh6 40.
Rg1 Bf4 41. Rd3 Re6 42. Be1 c4 43. bxc4 R8e7 44. Rh1 Kg7 45. Rhh3 Kf6 46. Rd8
Re8 47. Rd1 R6e7 48. Rb3 Rh7 49. a5 Bh6 50. Rd6+ Re6 51. Rxe6+ Kxe6 52. a6 Rf7
53. Rg3 Rf6 54. Bb4 Kf7 55. Bc5 Rf4 56. Bxa7 Rxe4 57. Kb3 Re1 58. Rg1 Re2 59.
Bb6 Be3 60. Rf1+ 1-0

[Event "AUT-chT2M 1213"]
[Site "Austria"]
[Date "2012.11.25"]
[Round "5.4"]
[White "Petschar, Kurt"]
[Black "Moser, Eva"]
[Result "1/2-1/2"]
[WhiteElo "2295"]
[BlackElo "2443"]
[PlyCount "70"]
[EventDate "2012.10.19"]
[EventType "team-tourn"]
[EventRounds "11"]
[EventCountry "AUT"]
[SourceTitle "CBM 151 Extra"]
[Source "ChessBase"]
[SourceDate "2012.12.18"]
[SourceVersion "1"]
[SourceVersionDate "2012.12.18"]
[SourceQuality "1"]
[WhiteTeam "Klagenfurt"]
[BlackTeam "Wolfsberg"]
[WhiteTeamCountry "AUT"]
[BlackTeamCountry "AUT"]

1. c4 c5 2. Nc3 Nc6 3. Nf3 e5 4. e3 f5 5. d4 e4 6. Nd2 cxd4 7. exd4 Nf6 8. d5
Ne5 9. Be2 a6 10. Nb3 b6 11. Nd4 g6 12. f3 Bc5 13. f4 Nd3+ 14. Bxd3 Bxd4 15.
Be2 Bc5 16. Na4 Bb4+ 17. Bd2 Bxd2+ 18. Qxd2 d6 19. O-O O-O 20. Qd4 Rb8 21. Nc3
Qc7 22. b4 Qg7 23. Nd1 g5 24. Ne3 g4 25. g3 h5 26. Rab1 h4 27. Ng2 hxg3 28.
hxg3 Re8 29. Ne3 Bd7 30. Kf2 Kf7 31. Rh1 Rh8 32. Rbg1 Rh3 33. Bf1 Rh6 34. Rxh6
Qxh6 35. Bg2 Qg7 1/2-1/2

[Event "AUT-chT2M 1213"]
[Site "Austria"]
[Date "2012.11.24"]
[Round "4.4"]
[White "Moser, Eva"]
[Black "Schwarhofer, Christopher"]
[Result "1/2-1/2"]
[WhiteElo "2443"]
[BlackElo "2285"]
[PlyCount "130"]
[EventDate "2012.10.19"]
[EventType "team-tourn"]
[EventRounds "11"]
[EventCountry "AUT"]
[SourceTitle "CBM 151 Extra"]
[Source "ChessBase"]
[SourceDate "2012.12.18"]
[SourceVersion "1"]
[SourceVersionDate "2012.12.18"]
[SourceQuality "1"]
[WhiteTeam "Wolfsberg"]
[BlackTeam "Fuerstenfeld"]
[WhiteTeamCountry "AUT"]
[BlackTeamCountry "AUT"]

1. e4 c5 2. d3 Nc6 3. g3 g6 4. Bg2 Bg7 5. f4 e6 6. Nf3 Nge7 7. c3 d5 8. O-O b6
9. e5 Nf5 10. Re1 Bb7 11. Nbd2 h5 12. Bh3 Qe7 13. Ng5 O-O-O 14. Ndf3 Kb8 15. a3
c4 16. d4 Na5 17. Re2 Nb3 18. Rb1 Bh6 19. Bd2 Bc6 20. Be1 Ba4 21. Bf2 Bxg5 22.
Nxg5 h4 23. Qf1 hxg3 24. hxg3 Rh6 25. g4 Nh4 26. Bg3 Rdh8 27. Rh2 Kb7 28. Re1
Bc6 29. Qf2 Qf8 30. Bf1 Nf5 31. gxf5 gxf5 32. Rxh6 Qxh6 33. Bg2 Be8 34. Qe3 a5
35. Kf2 a4 36. Rg1 b5 37. Qe1 Qf8 38. Rh1 Rxh1 39. Bxh1 Qe7 40. Bf3 Qd7 41. Kg2
b4 42. axb4 a3 43. bxa3 Qa4 44. Bf2 Qxa3 45. Be3 Qb2+ 46. Kg3 Kc7 47. Bh5 Na1
48. Bxf7 Bxf7 49. Nxf7 Nc2 50. Qd2 Qb1 51. Qc1 Qb3 52. Qd2 Na3 53. Nd6 Kc6 54.
Qc1 Nb1 55. Bd2 Qa2 56. Be1 Qe2 57. Qxb1 Qf1 58. Qa2 Qg1+ 59. Kh3 Qh1+ 60. Kg3
Qg1+ 61. Kf3 Qh1+ 62. Ke2 Qh5+ 63. Kf1 Qh1+ 64. Ke2 Qh5+ 65. Kf1 Qh1+ 1/2-1/2

[Event "AUT-chT2M 1213"]
[Site "Austria"]
[Date "2012.10.21"]
[Round "3.4"]
[White "Wiesinger, Robert"]
[Black "Moser, Eva"]
[Result "0-1"]
[WhiteElo "2244"]
[BlackElo "2443"]
[PlyCount "126"]
[EventDate "2012.10.19"]
[EventType "team-tourn"]
[EventRounds "11"]
[EventCountry "AUT"]
[SourceTitle "EXT 2013"]
[Source "ChessBase"]
[SourceDate "2012.11.22"]
[SourceVersion "1"]
[SourceVersionDate "2012.11.22"]
[SourceQuality "1"]
[WhiteTeam "Steyregg"]
[BlackTeam "Wolfsberg"]
[WhiteTeamCountry "AUT"]
[BlackTeamCountry "AUT"]

1. e4 e6 2. d4 d5 3. Nc3 Nf6 4. Bg5 dxe4 5. Nxe4 Be7 6. Bxf6 gxf6 7. Nf3 f5 8.
Nc3 a6 9. g3 b5 10. Bg2 Bb7 11. O-O c5 12. dxc5 Bxc5 13. Qxd8+ Kxd8 14. Ne5
Bxg2 15. Kxg2 Ke7 16. Rad1 Rc8 17. Rfe1 Ra7 18. Ne2 Nd7 19. Nxd7 Rxd7 20. Rxd7+
Kxd7 21. Nc1 Ke7 22. Nd3 Bd6 23. Re2 b4 24. Kf1 Rb8 25. Ke1 Rb5 26. Kd2 Ra5 27.
Nc1 f4 28. c3 bxc3+ 29. Kxc3 Rc5+ 30. Kd2 Rh5 31. Nd3 Rxh2 32. Nxf4 Bxf4+ 33.
gxf4 Kd6 34. Ke3 Rh5 35. Re1 Rh3+ 36. Ke2 Rh5 37. b4 Rh3 38. Rd1+ Kc6 39. a4
Rb3 40. Rd4 f5 41. Rc4+ Kd5 42. Rc5+ Kd4 43. Ra5 Ke4 44. Rxa6 Rb2+ 45. Kf1 Kf3
46. Rxe6 Rxf2+ 47. Ke1 Rb2 48. Rh6 Rb1+ 49. Kd2 Rxb4 50. Rxh7 Rxa4 51. Rb7 Re4
52. Rf7 Kxf4 53. Rf8 Re5 54. Rg8 Re4 55. Rf8 Kg4 56. Rg8+ Kf3 57. Rf8 f4 58.
Rg8 Kf2 59. Rf8 Rd4+ 60. Kc3 Ke3 61. Re8+ Re4 62. Ra8 f3 63. Ra1 f2 0-1

[Event "AUT-chT2M 1213"]
[Site "Austria"]
[Date "2012.10.20"]
[Round "2.4"]
[White "Pesorda, Ivan"]
[Black "Moser, Eva"]
[Result "0-1"]
[WhiteElo "2274"]
[BlackElo "2443"]
[PlyCount "72"]
[EventDate "2012.10.19"]
[EventType "team-tourn"]
[EventRounds "11"]
[EventCountry "AUT"]
[SourceTitle "EXT 2013"]
[Source "ChessBase"]
[SourceDate "2012.11.22"]
[SourceVersion "1"]
[SourceVersionDate "2012.11.22"]
[SourceQuality "1"]
[WhiteTeam "Graz Strassenbahn"]
[BlackTeam "Wolfsberg"]
[WhiteTeamCountry "AUT"]
[BlackTeamCountry "AUT"]

1. d4 e6 2. c4 f5 3. Nf3 Nf6 4. g3 d5 5. Bg2 c6 6. O-O Bd6 7. b3 Qe7 8. Bb2 O-O
9. Nbd2 b6 10. Rc1 a5 11. Ne5 Bb7 12. Ndf3 Na6 13. Qc2 Nb4 14. Qb1 Ne4 15. a3
Na6 16. cxd5 cxd5 17. Qa2 Rac8 18. Rfd1 Nb8 19. Bf1 Ba6 20. Qa1 Rce8 21. Nc6
Nxc6 22. Rxc6 Qb7 23. Rc2 f4 24. a4 Qe7 25. Rc6 Bb7 26. Rc2 Rf6 27. Bg2 Ref8
28. Bc1 Rh6 29. Ne5 Nxf2 30. Bxf4 Rxf4 31. gxf4 Nxd1 32. Qxd1 Qh4 33. Nf3 Qxf4
34. Qc1 Qxc1+ 35. Rxc1 Kf8 36. Ng5 Bxh2+ 0-1

[Event "AUT-chT2M 1213"]
[Site "Austria"]
[Date "2012.10.19"]
[Round "1.4"]
[White "Moser, Eva"]
[Black "Hermann, Johann"]
[Result "1/2-1/2"]
[WhiteElo "2443"]
[BlackElo "2158"]
[PlyCount "96"]
[EventDate "2012.10.19"]
[EventType "team-tourn"]
[EventRounds "11"]
[EventCountry "AUT"]
[SourceTitle "EXT 2013"]
[Source "ChessBase"]
[SourceDate "2012.11.22"]
[SourceVersion "1"]
[SourceVersionDate "2012.11.22"]
[SourceQuality "1"]
[WhiteTeam "Wolfsberg"]
[BlackTeam "Graz Styria"]
[WhiteTeamCountry "AUT"]
[BlackTeamCountry "AUT"]

1. e4 b6 2. d4 Bb7 3. Bd3 e6 4. Nf3 d6 5. O-O Nd7 6. Re1 Ne7 7. Nbd2 g6 8. Nf1
Bg7 9. Be3 a6 10. h3 c5 11. c3 Qc7 12. Rc1 h6 13. Qd2 e5 14. Ng3 Nf8 15. a4 c4
16. Bc2 Bc8 17. Red1 Ne6 18. dxe5 dxe5 19. a5 b5 20. Bb6 Qd7 21. Qe3 Qc6 22.
Nf5 gxf5 23. exf5 Bb7 24. fxe6 Qxe6 25. Be4 Bxe4 26. Qxe4 O-O 27. Qb7 Ng6 28.
Qd7 Qxd7 29. Rxd7 Nf4 30. Rc2 Nd3 31. Kf1 f5 32. g3 Rf7 33. Rd5 Re8 34. Re2 Nc1
35. Re1 Nd3 36. Re2 Nc1 37. Re3 Nd3 38. Re2 Nc1 39. Rc2 Nd3 40. Nh4 b4 41. Re2
b3 42. f4 Bf8 43. fxe5 Ba3 44. bxa3 b2 45. Rxb2 Nxb2 46. Bd4 Re6 47. Ng2 Nd3
48. Nf4 Nxf4 1/2-1/2

[Event "BL 1213 (Women)"]
[Site "Germany"]
[Date "2012.10.06"]
[Round "1.3"]
[White "Nikolova, Adriana"]
[Black "Moser, Eva"]
[Result "0-1"]
[WhiteElo "2290"]
[BlackElo "2443"]
[PlyCount "152"]
[EventDate "2012.10.06"]
[EventType "team-tourn"]
[EventRounds "11"]
[EventCountry "GER"]
[SourceTitle "EXT 2013"]
[Source "ChessBase"]
[SourceDate "2012.11.22"]
[SourceVersion "1"]
[SourceVersionDate "2012.11.22"]
[SourceQuality "1"]
[WhiteTeam "Friedberg (W)"]
[BlackTeam "Baden-Baden (W)"]
[WhiteTeamCountry "GER"]
[BlackTeamCountry "GER"]

1. e4 e6 2. d4 d5 3. Nd2 c5 4. Ngf3 Nf6 5. exd5 exd5 6. Bb5+ Bd7 7. Bxd7+ Nbxd7
8. O-O Be7 9. Re1 O-O 10. dxc5 Nxc5 11. Nf1 Nce4 12. Be3 Qc7 13. h3 a6 14. c3
Rfe8 15. a4 Rad8 16. Bd4 Bc5 17. Ne3 Bxd4 18. Qxd4 h6 19. Qb4 Nc5 20. Red1 Re4
21. Nd4 g6 22. a5 Ree8 23. Nf3 Re4 24. Nd4 Ree8 25. Qa3 Kg7 26. Nf3 Ne6 27. Qb3
Nf4 28. Qc2 Rd7 29. Ra4 Rde7 30. Qd2 Re4 31. Rxe4 dxe4 32. Nd4 Nd3 33. c4 Qe5
34. Qc3 Re7 35. Rd2 Kg8 36. Ne2 Qxc3 37. Nxc3 Re5 38. Ned5 Nxd5 39. Nxd5 f5 40.
g3 Kf7 41. Kf1 Re8 42. Rc2 Rd8 43. Ke2 Ne5 44. b3 Nc6 45. Ra2 Nd4+ 46. Kd2
Nxb3+ 47. Kc3 Nc5 48. Kd4 Ne6+ 49. Ke5 Ng5 50. Rb2 Rd7 51. g4 Nf3+ 52. Kf4 Ne1
53. Ke3 Nd3 54. Rc2 Ne5 55. gxf5 gxf5 56. f4 Nxc4+ 57. Rxc4 Rxd5 58. Rc7+ Kg6
59. Rxb7 Rxa5 60. Rb6+ Kh5 61. Kd4 Kh4 62. Rb3 h5 63. Rc3 Rb5 64. Re3 a5 65.
Kc4 Rb8 66. Kd4 Re8 67. Kc4 Rd8 68. Rb3 Re8 69. Re3 a4 70. Kb4 Ra8 71. Ka3 Rd8
72. Kxa4 Rd3 73. Re1 Kxh3 74. Kb4 Kg4 75. Rf1 Rf3 76. Rh1 h4 0-1

[Event "AUT-ch (Women)"]
[Site "Feldkirch"]
[Date "2012.07.29"]
[Round "9"]
[White "Moser, Eva"]
[Black "Zechner, Andrea"]
[Result "1-0"]
[WhiteElo "2471"]
[BlackElo "1948"]
[PlyCount "49"]
[EventDate "2012.07.21"]
[EventType "swiss"]
[EventRounds "9"]
[EventCountry "AUT"]
[SourceTitle "CBM 149 Extra"]
[Source "ChessBase"]
[SourceDate "2012.08.24"]
[SourceVersion "1"]
[SourceVersionDate "2012.08.24"]
[SourceQuality "1"]

1. e4 c6 2. d4 d5 3. e5 Bf5 4. c4 e6 5. Nc3 Nd7 6. a3 dxc4 7. Bxc4 Ne7 8. Nge2
Nd5 9. O-O Be7 10. Ng3 Bg6 11. f4 N7b6 12. Bb3 Qd7 13. Nce4 Qc7 14. f5 exf5 15.
Nxf5 Bxf5 16. Rxf5 f6 17. exf6 Nxf6 18. Ng5 Nbd5 19. Ne6 Qd7 20. Nxg7+ Kd8 21.
Qe2 Kc7 22. Bg5 Rac8 23. Bxd5 Nxd5 24. Rf7 Rhg8 25. Bxe7 1-0

[Event "AUT-ch (Women)"]
[Site "Feldkirch"]
[Date "2012.07.28"]
[Round "8"]
[White "Moser, Eva"]
[Black "Hapala, Elisabeth"]
[Result "0-1"]
[WhiteElo "2471"]
[BlackElo "1956"]
[PlyCount "198"]
[EventDate "2012.07.21"]
[EventType "swiss"]
[EventRounds "9"]
[EventCountry "AUT"]
[SourceTitle "CBM 149 Extra"]
[Source "ChessBase"]
[SourceDate "2012.08.24"]
[SourceVersion "1"]
[SourceVersionDate "2012.08.24"]
[SourceQuality "1"]

1. Nf3 d5 2. g3 Nf6 3. Bg2 c6 4. O-O Bg4 5. d3 Nbd7 6. Nbd2 e5 7. e4 dxe4 8.
dxe4 Bc5 9. h3 Bh5 10. Qe1 O-O 11. Nb3 Bb6 12. a4 a5 13. Be3 Qc7 14. Nfd2 Rfe8
15. Nc4 Bxe3 16. Qxe3 b6 17. Rfe1 Rab8 18. f3 Bg6 19. Red1 Nf8 20. Rd2 Ne6 21.
Rad1 Red8 22. Rxd8+ Nxd8 23. h4 Ne6 24. Bh3 Nf8 25. Qd2 Ne8 26. Ne3 f6 27. Bf1
Bf7 28. Nf5 Ne6 29. Qc3 Rd8 30. Rxd8 Nxd8 31. Nd2 Nd6 32. Ne3 Ne6 33. Nb3 Nb7
34. Nc4 Nbc5 35. Nxc5 Nxc5 36. Nxa5 Nxa4 37. Qxc6 Qxc6 38. Nxc6 Nxb2 39. Ne7+
Kf8 40. Nc8 Na4 41. Kf2 Be6 42. Na7 Ke7 43. Ke3 Kd6 44. Nb5+ Kc5 45. Nc7 Bf7
46. f4 Kc6 47. Nb5 Nc5 48. f5 Nb7 49. g4 h6 50. Nc3 Nd6 51. Nb1 Kc5 52. c3 Be8
53. Nd2 Bf7 54. g5 hxg5 55. hxg5 Be8 56. g6 Ba4 57. Nf3 Ne8 58. Ne1 Bb3 59.
Nd3+ Kd6 60. Nb4 Nc7 61. Bd3 Kc5 62. Be2 Bg8 63. Nd3+ Kd6 64. Nf2 Kc5 65. Nd3+
Kd6 66. Nb4 Kc5 67. Kd2 Bb3 68. Nd3+ Kd6 69. Nf2 Kc5 70. Kc1 Bg8 71. Kc2 Ba2
72. Nd3+ Kd6 73. Nb4 Bg8 74. Kb2 Kc5 75. Kc2 Kd6 76. Ba6 Kc5 77. Bb7 Kd6 78.
Bc8 Nb5 79. Nd3 Kc7 80. Ba6 Nd6 81. Nb4 Nxe4 82. Bb5 Nd6 83. Bc6 Nxf5 84. Be8
Nd6 85. Bc6 Be6 86. Kd2 Bf5 87. Bg2 Nc4+ 88. Ke2 Bxg6 89. Bd5 Nd6 90. Be6 Nb5
91. Kd2 Kd6 92. Bg8 Be4 93. Na2 Bd5 94. Bxd5 Kxd5 95. Nb4+ Kd6 96. Kd3 f5 97.
c4 Nd4 98. Na2 g5 99. Nc3 g4 0-1

[Event "AUT-ch (Women)"]
[Site "Feldkirch"]
[Date "2012.07.27"]
[Round "7"]
[White "Newrkla, Katharina"]
[Black "Moser, Eva"]
[Result "0-1"]
[WhiteElo "2165"]
[BlackElo "2471"]
[PlyCount "82"]
[EventDate "2012.07.21"]
[EventType "swiss"]
[EventRounds "9"]
[EventCountry "AUT"]
[SourceTitle "CBM 149 Extra"]
[Source "ChessBase"]
[SourceDate "2012.08.24"]
[SourceVersion "1"]
[SourceVersionDate "2012.08.24"]
[SourceQuality "1"]

1. e4 d6 2. d4 Nf6 3. Nc3 e5 4. Nf3 Nbd7 5. Bc4 Be7 6. O-O O-O 7. Re1 c6 8. a4
a5 9. Ba2 h6 10. h3 Re8 11. Be3 Qc7 12. Nd2 b6 13. Qf3 Rf8 14. Nc4 Ba6 15. Na3
Nh7 16. d5 c5 17. Bc4 Bc8 18. Qg3 Bg5 19. Ncb5 Qb8 20. Be2 Ba6 21. Nc4 Bxb5 22.
axb5 Ndf6 23. Bxg5 hxg5 24. Bf3 g6 25. h4 gxh4 26. Qxh4 Kg7 27. g3 Rh8 28. Ne3
Qc8 29. g4 Nf8 30. Qg3 N6h7 31. Nf5+ gxf5 32. gxf5+ Ng6 33. fxg6 Nf6 34. gxf7+
Kxf7 35. Bg2 Rg8 36. Qf3 Qd7 37. c4 Rg4 38. Kf1 Rh8 39. Ke2 Rxe4+ 40. Kd3 Rf4
41. Qg3 Rg4 0-1

[Event "AUT-ch (Women)"]
[Site "Feldkirch"]
[Date "2012.07.26"]
[Round "6"]
[White "Moser, Eva"]
[Black "Schnegg, Anna Lena"]
[Result "0-1"]
[WhiteElo "2471"]
[BlackElo "2096"]
[PlyCount "80"]
[EventDate "2012.07.21"]
[EventType "swiss"]
[EventRounds "9"]
[EventCountry "AUT"]
[SourceTitle "CBM 149 Extra"]
[Source "ChessBase"]
[SourceDate "2012.08.24"]
[SourceVersion "1"]
[SourceVersionDate "2012.08.24"]
[SourceQuality "1"]

1. e3 e5 2. d4 exd4 3. exd4 d5 4. c4 Nf6 5. Nf3 Be7 6. Be2 O-O 7. O-O dxc4 8.
Bxc4 c6 9. Nc3 Nbd7 10. Re1 Nb6 11. Bb3 Bg4 12. h3 Bh5 13. g4 Bg6 14. Ne5 Nfd5
15. f4 Bh4 16. Rf1 f6 17. Nf3 f5 18. Ne5 Be7 19. Bd2 Kh8 20. Qf3 a5 21. a3 a4
22. Ba2 Nxc3 23. bxc3 Bxa3 24. Rab1 Bd6 25. Nxg6+ hxg6 26. g5 Nd5 27. Rxb7 Rb8
28. Rxb8 Bxb8 29. Qf2 Re8 30. c4 Nc7 31. Ba5 Kg8 32. Rd1 Qd7 33. Kf1 Re4 34. d5
cxd5 35. cxd5 Qb5+ 36. Kg1 Qxa5 37. d6+ Ne6 38. Qc2 Qb6+ 39. Kh1 Bxd6 40. Qc8+
Bf8 0-1

[Event "AUT-ch (Women)"]
[Site "Feldkirch"]
[Date "2012.07.25"]
[Round "5"]
[White "Mira, Helene"]
[Black "Moser, Eva"]
[Result "1/2-1/2"]
[WhiteElo "2084"]
[BlackElo "2471"]
[PlyCount "107"]
[EventDate "2012.07.21"]
[EventType "swiss"]
[EventRounds "9"]
[EventCountry "AUT"]
[SourceTitle "CBM 149 Extra"]
[Source "ChessBase"]
[SourceDate "2012.08.24"]
[SourceVersion "1"]
[SourceVersionDate "2012.08.24"]
[SourceQuality "1"]

1. d4 Nf6 2. Nf3 g6 3. c4 Bg7 4. Nc3 O-O 5. e4 c6 6. Bd3 d6 7. h3 e5 8. d5 Nbd7
9. Bg5 h6 10. Be3 Nh5 11. g3 Kh7 12. Nd2 a6 13. Be2 Nhf6 14. g4 Ng8 15. Qc2
cxd5 16. Nxd5 Ne7 17. Nxe7 Qxe7 18. Nb1 b6 19. Nc3 Bb7 20. Nd5 Bxd5 21. cxd5
Bf6 22. Qd2 Bg5 23. O-O Nc5 24. f3 a5 25. Bb5 f5 26. exf5 gxf5 27. Bxg5 Qxg5
28. Qxg5 hxg5 29. Kg2 Kg7 30. Rad1 Ra7 31. Rd2 Re7 32. Kg3 fxg4 33. Kxg4 Kh6
34. Rc2 Rf4+ 35. Kg3 Rd4 36. Bc4 Rf7 37. b3 Rdf4 38. Be2 Kg6 39. Kg2 Kf6 40.
Rc4 Rh7 41. Rxf4+ exf4 42. Bc4 Re7 43. Rh1 Re3 44. h4 g4 45. fxg4 Rg3+ 46. Kf1
Rxg4 47. h5 Ne4 48. Rh2 Rg8 49. h6 Rh8 50. Ke2 Ng5 51. Bd3 Re8+ 52. Kf2 Re3 53.
h7 Nf7 54. Bc4 1/2-1/2

[Event "AUT-ch (Women)"]
[Site "Feldkirch"]
[Date "2012.07.24"]
[Round "4"]
[White "Moser, Eva"]
[Black "Kopinits, Anna Christina"]
[Result "1-0"]
[WhiteElo "2471"]
[BlackElo "2234"]
[PlyCount "103"]
[EventDate "2012.07.21"]
[EventType "swiss"]
[EventRounds "9"]
[EventCountry "AUT"]
[SourceTitle "CBM 149 Extra"]
[Source "ChessBase"]
[SourceDate "2012.08.24"]
[SourceVersion "1"]
[SourceVersionDate "2012.08.24"]
[SourceQuality "1"]

1. d4 d5 2. c4 c6 3. Nf3 Nf6 4. Nbd2 Bf5 5. Nh4 Bg6 6. Qb3 Qb6 7. Qh3 Nbd7 8.
Nxg6 fxg6 9. e3 Qc7 10. Bd3 O-O-O 11. Nf3 dxc4 12. Bxc4 Kb8 13. O-O Ne4 14. Bd3
Ndf6 15. Ne5 Nd6 16. Nxg6 Rg8 17. Ne5 g6 18. Bd2 Bg7 19. Rfc1 Nfe4 20. Be1 Ng5
21. Qg3 Nde4 22. Nxc6+ bxc6 23. Qxc7+ Kxc7 24. Ba5+ Kb7 25. Bxd8 Rxd8 26. h4 e5
27. hxg5 Nxg5 28. Rd1 exd4 29. exd4 Bxd4 30. Bc2 c5 31. Rab1 Rf8 32. Rd2 a5 33.
Re1 Rf7 34. Bb3 Rf6 35. Re7+ Kc6 36. Bc4 Kd6 37. Ree2 Rf4 38. Rd3 Kc6 39. b3
Rf6 40. Rd1 Rf4 41. g3 Rf6 42. Kg2 Nf3 43. Rd3 Ng5 44. f4 Nf7 45. Re6+ Rxe6 46.
Bxe6 Nd6 47. Kf3 h5 48. Bg8 Kd7 49. Bh7 g5 50. fxg5 Nf7 51. Kf4 Ke7 52. Rd1 1-0

[Event "AUT-ch (Women)"]
[Site "Feldkirch"]
[Date "2012.07.23"]
[Round "3"]
[White "Froewis, Annika"]
[Black "Moser, Eva"]
[Result "0-1"]
[WhiteElo "1989"]
[BlackElo "2471"]
[PlyCount "78"]
[EventDate "2012.07.21"]
[EventType "swiss"]
[EventRounds "9"]
[EventCountry "AUT"]
[SourceTitle "CBM 149 Extra"]
[Source "ChessBase"]
[SourceDate "2012.08.24"]
[SourceVersion "1"]
[SourceVersionDate "2012.08.24"]
[SourceQuality "1"]

1. e4 e6 2. d4 d5 3. Nc3 Bb4 4. e5 c5 5. a3 Bxc3+ 6. bxc3 Qa5 7. Bd2 Qa4 8. Be3
cxd4 9. cxd4 Ne7 10. Bd3 b6 11. Qg4 O-O 12. Qh5 Nf5 13. Nf3 Ba6 14. O-O Bxd3
15. cxd3 Nc6 16. g4 Nfxd4 17. Ng5 h6 18. Nh3 Nxe5 19. f4 Nxd3 20. g5 g6 21. Qd1
Qxd1 22. Raxd1 Ne2+ 23. Kh1 Nc5 24. Rde1 d4 25. Bd2 d3 26. gxh6 Ne4 27. Be3
Rfd8 28. Ng5 Nf6 29. Bd2 a5 30. Rf3 Rac8 31. Rd1 Rd7 32. Kg2 Rc2 33. Kf2 Nc3
34. Ke1 Nxd1 35. Kxd1 Nh7 36. Ne4 Rc4 37. Nf2 Nf6 38. Rh3 Kh7 39. Nxd3 Ne4 0-1

[Event "AUT-ch (Women)"]
[Site "Feldkirch"]
[Date "2012.07.22"]
[Round "2"]
[White "Moser, Eva"]
[Black "Exler, Veronika"]
[Result "1-0"]
[WhiteElo "2471"]
[BlackElo "2103"]
[PlyCount "45"]
[EventDate "2012.07.21"]
[EventType "swiss"]
[EventRounds "9"]
[EventCountry "AUT"]
[SourceTitle "CBM 149 Extra"]
[Source "ChessBase"]
[SourceDate "2012.08.24"]
[SourceVersion "1"]
[SourceVersionDate "2012.08.24"]
[SourceQuality "1"]

1. f4 d5 2. Nf3 Nf6 3. g3 c6 4. Bg2 Qb6 5. e3 g6 6. O-O Bg7 7. Kh1 Bf5 8. Nc3
O-O 9. d3 Na6 10. Qe2 Nc5 11. h3 h5 12. Ng5 Bd7 13. e4 d4 14. Nd1 Nh7 15. Nf3
Rad8 16. Bd2 Bc8 17. Rb1 Qc7 18. Nf2 Na4 19. Rfc1 Rfe8 20. c3 dxc3 21. bxc3 f6
22. d4 Qd7 23. Qc4+ 1-0